000 00843nam a2200229Ia 4500
005 20250108124837.0
008 008 250107s9999 xx 000 0 hin d
020 _a978-93-81620-70-0
037 _aTB
040 _aCRL
_bhin
_cCRL
041 _ahin
_2hin
084 _aO152,1NCHx R1
084 _qCRL
100 _aगोयल, शशि, ले.
245 0 _aरीतिकालीन हिन्दी साहित्य में चित्रित समाज
_cगोयल, शशि, ले.
260 _aइलाहाबाद, भारत
_bसाहित्य संगम
_c2408
300 _a305पृ0
365 _aINR
_b160
650 _aहिन्दी कविताहिन्दी साहित्य
_9729733
942 _cTB
_hO152,1NCHx R1
999 _c1234796
_d1234796